| 000 | 01445nam a22002657a 4500 | ||
|---|---|---|---|
| 005 | 20110512154857.0 | ||
| 010 | _aB-430606 B-440962 | ||
| 020 |
_a9788176494519 _c995.00 |
||
| 035 | _aB-430606 | ||
| 035 | _a B-440962 | ||
| 037 | _bAllied Pub./VEN | ||
| 037 | _bResearchco Book Centre | ||
| 082 | _a520 | ||
| 245 |
_aOn the shoulders of giants : _bthe great works of physics and astronomy / _cedited, with commentary, by Stephen Hawking. |
||
| 260 |
_aNew Delhi _bViva Books _c2003 |
||
| 300 |
_axiii,1264p. : _bill., ports. _c24 cm.(pbk) |
||
| 650 |
_aAstronomy _930988 |
||
| 650 |
_aPhysics _930989 |
||
| 700 |
_aHawking, S. W. _q(Stephen W.) _925725 |
||
| 942 |
_2ddc _cEN _h520 _mONT |
||
| 999 |
_c52417 _d52417 |
||